|
|
|
|
| LEADER |
00000nam0a2200000 4500 |
| 001 |
374828 |
| 005 |
20231102012701.0 |
| 035 |
|
|
|a (RuTPU)RU\TPU\retro\32263
|
| 035 |
|
|
|a RU\TPU\book\272298
|
| 090 |
|
|
|a 374828
|
| 100 |
|
|
|a 20221219d1976 k y0rusy50 ca
|
| 101 |
1 |
|
|a rus
|c eng
|
| 102 |
|
|
|a RU
|
| 105 |
|
|
|a a z 001zy
|
| 200 |
1 |
|
|a Конечные элементы в нелинейной механике сплошных сред
|e пер. с англ.
|f Дж. Оден
|
| 210 |
|
|
|a Москва
|c Мир
|d 1976
|
| 215 |
|
|
|a 464 с.
|c ил.
|
| 320 |
|
|
|a Библиогр.: с. 427-450.
|
| 320 |
|
|
|a Имен. указ.: с. 451-455.
|
| 320 |
|
|
|a Предм. указ.: с. 456-459.
|
| 330 |
|
|
|a Книга посвящена систематическому изложению одного из новейших методов численного анализа - метода конечных элементов - и его приложений к широкому классу нелинейных задач механики сплошных сред и строительной механики. Понятие конечного элемента служит тем звеном, которое объединяет основы механики сплошных сред и современные методы численного анализа и дает инструмент для получения количественной информации о нелинейных процессах. Хотя основное внимание уделено решению задач механики твердого тела, материал излагается таким образом, что результаты могут быть применены и в ряде других областей математической физики, таких, как динамика разреженных газов или теория электромагнетизма. Книга представляет значительный интерес для инженеров-исследователей и научных работников, занимающихся вопросами нелинейной механики и ее практическими приложениями. Она полезна преподавателям, аспирантам и студентам старших курсов.
|
| 606 |
1 |
|
|a Механика нелинейная
|2 stltpush
|3 (RuTPU)RU\TPU\subj\58914
|9 76598
|
| 606 |
1 |
|
|a Механика сплошных сред
|x Математические методы
|2 stltpush
|3 (RuTPU)RU\TPU\subj\43579
|9 63064
|
| 610 |
1 |
|
|a кинематика
|
| 610 |
1 |
|
|a динамика
|
| 610 |
1 |
|
|a конечные элементы
|
| 610 |
1 |
|
|a теория
|
| 610 |
1 |
|
|a аппроксимация
|
| 610 |
1 |
|
|a линейные операторы
|
| 610 |
1 |
|
|a метод наименьших квадратов
|
| 610 |
1 |
|
|a термомеханическое поведение
|
| 610 |
1 |
|
|a термомеханика
|
| 610 |
1 |
|
|a конечные деформации
|
| 610 |
1 |
|
|a упругость
|
| 610 |
1 |
|
|a решения
|
| 610 |
1 |
|
|a нелинейные уравнения
|
| 675 |
|
|
|a 531.01
|v 3
|
| 675 |
|
|
|a 531/.534:51
|v 3
|
| 700 |
|
1 |
|a Оден
|b Дж.
|
| 801 |
|
1 |
|a RU
|b 63413507
|c 20140211
|
| 801 |
|
2 |
|a RU
|b 63413507
|c 20221219
|g RCR
|
| 942 |
|
|
|c BK
|